000 00924nas a2200313 4500
001 BR2011003327
003 BR-BrBNA
005 20231205115355.0
007 ta
008 230509b bl.|||p| |||| 00| 00por d
040 _aBR-BrBNA
_bpor
_cBiblioteca Nacional de Agricultura
041 _a(Pt)
072 _aF02
100 1 _aOkumura, H.H.
100 1 _aCavalcanti Júnior, A.T.
100 1 _aCosta, J.T.A.
100 1 _aCorrea, D.
245 1 _aFertilizantes minerais e orgânicos na formação de mudas enxertadas de gravioleira
650 _aGRAVIOLA
650 _aFRUTA TROPICAL
650 _aPROPAGAÇÃO VEGETATIVA
650 _aMUDA
650 _aENXERTO
650 _aFERTILIZANTE
650 _aTUBETE
773 0 _tRevista Ciência Agronômica (Brazil)
_xISSN 0045-6888
_g(Oct-Dec 2008), v. 39(4) p. 590-596
_wBR2011003327
909 _a202311
_bLúcia
_c55
_dLúcia Elande
942 _2AGRIS
_n0
_cANA
999 _c213465
_d213465